Tra cứu luật bảo hiểm và các văn bản hướng dẫn mới nhất chính sách mới về bảo hiểm thất nghiệp 2013 : Áp dụng từ ngày 15/04/2013

Sách gồm 6 phần trình bày chính sách luật bảo hiểm mới trong các lĩnh vực bảo hiểm y tế, bảo hiểm xã hội, bảo hiểm thất nghiệp, ...và các văn bản hướng dẫn thực hiện chế độ bảo hiểm xã hội....

Description complète

Enregistré dans:
Détails bibliographiques
Format: Livre
Langue:Undetermined
Publié: Hà Nội Lao động 2013
Sujets:
Tags: Ajouter un tag
Pas de tags, Soyez le premier à ajouter un tag!
Thư viện lưu trữ: Trung tâm Học liệu Trường Đại học Cần Thơ
LEADER 01102nam a2200217Ia 4500
001 CTU_184175
008 210402s9999 xx 000 0 und d
020 |c 325000 
082 |a 346.597086 
082 |b Tr100 
245 0 |a Tra cứu luật bảo hiểm và các văn bản hướng dẫn mới nhất chính sách mới về bảo hiểm thất nghiệp 2013 : 
245 0 |b Áp dụng từ ngày 15/04/2013 
245 0 |c Vũ Hoa Tươi (Biên soạn và hệ thống hóa) 
260 |a Hà Nội 
260 |b Lao động 
260 |c 2013 
520 |a Sách gồm 6 phần trình bày chính sách luật bảo hiểm mới trong các lĩnh vực bảo hiểm y tế, bảo hiểm xã hội, bảo hiểm thất nghiệp, ...và các văn bản hướng dẫn thực hiện chế độ bảo hiểm xã hội. 
650 |a Insurance,Bảo hiểm 
650 |x Social aspects,Khía cạnh xã hội 
904 |i Hải 
980 |a Trung tâm Học liệu Trường Đại học Cần Thơ